Introduction to Computation and Programming Using Python 3/e

Guardado en:
Detalles Bibliográficos
Autor principal: Guttag
Formato: Libro
Publicado: MIT Press
Etiquetas: Agregar Etiqueta
Sin Etiquetas, Sea el primero en etiquetar este registro!

MARC

LEADER 00000nam a2200000Ia 4500
005 20260513122049.0
020 |a 9780262542364 
100 |a Guttag 
365
365 |b 25.00 
942 |c BK 
245 |a Introduction to Computation and Programming Using Python 3/e 
260 |b MIT Press 
999 |c 6  |d 6 
952 |0 0  |1 0  |4 0  |7 0  |a UNSW  |b UNSW  |d 2026-05-06  |g 75.00  |i 16686  |l 0  |p 000089  |r 2026-05-13 12:20:49  |v 75.00  |w 2026-05-13  |y BK